000 004700000a22001810004500
020 _a0-86201-583-9
041 0 _aENG
082 0 4 _aG 254.6 M254g
100 1 _aMallison, John
245 1 0 _aGrowing christians in small groups / John Mallison
260 _aLondres, Inglaterra : Scripture Union
300 _a168 Pag
001 6632
942 _cBK
999 _c36900
_d36900
336 _atexto
_btxt
_2rdacontent
337 _2rdamedia
_asin mediación
_bn
338 _2rdacarrier
_avolumen
_bnc